Bankovníctvo

Saved in:
Bibliographic Details
Main Author: Horvátová, Eva, 1958-
Other Authors: Sobek, Otto, Belás, Jaroslav
Format: Book
Language:Slovak
Published: Žilina GEORG Žilina 2009
Subjects:
Tags: Add Tag
No Tags, Be the first to tag this record!

MARC

LEADER 00000nam$a2200000$$$4500
001 0095442
005 20240502072049.6
020 |a 978-80-89401-03-1 
041 0 |a slo 
044 |a SK 
245 1 0 |a Bankovníctvo  |c Eva Horvátová 
264 1 |a Žilina  |b GEORG Žilina  |c 2009 
300 |a 318 s. 
610 2 0 |a bankovníctvo 
610 2 0 |a banky 
610 2 0 |a bankovníctvo hypotekárne 
610 2 0 |a banky centrálne 
610 2 0 |a banky obchodné 
610 2 0 |a úver 
610 2 0 |a úrok 
610 2 0 |a styk platobný 
610 2 0 |a bankovníctvo investičné 
610 2 0 |a bankovníctvo elektronické 
100 1 |a Horvátová, Eva, 1958- 
700 1 |a Sobek, Otto 
700 1 |a Belás, Jaroslav